Housing and planning in the regions (Record no. 105076)
[ view plain ]
| 000 -LEADER | |
|---|---|
| fixed length control field | 01642cam a2200205 4500 |
| 001 - CONTROL NUMBER | |
| control field | ##L132273 |
| 008 - FIXED-LENGTH DATA ELEMENTS--GENERAL INFORMATION | |
| fixed length control field | 060123n2006 000 0 eng u |
| 035 ## - SYSTEM CONTROL NUMBER | |
| System control number | (Sirsi) u132273 |
| 041 0# - LANGUAGE CODE | |
| Language code of text/sound track or separate title | eng |
| 050 04 - LIBRARY OF CONGRESS CALL NUMBER | |
| Classification number | 711.3 $2 18 |
| 110 1# - MAIN ENTRY--CORPORATE NAME | |
| Corporate name or jurisdiction name as entry element | United Kingdom |
| Subordinate unit | Office of the Deputy Prime Minister |
| 245 00 - TITLE STATEMENT | |
| Title | Housing and planning in the regions |
| Remainder of title | a consultation response |
| 260 ## - PUBLICATION, DISTRIBUTION, ETC. | |
| Place of publication, distribution, etc. | London |
| Name of publisher, distributor, etc. | ODPM |
| Date of publication, distribution, etc. | 2006 |
| 520 ## - SUMMARY, ETC. | |
| Summary, etc. | Government has responded to ODPM's regional planning proposals set out in its September 2004 consultation paper Housing and planning in the regions. The consultation paper followed the Barker review of housing supply's recommendations that Regional Planning Bodies and Regional Planning Boards should be merged to create single bodies responsible for managing regional housing markets, delivering the region's affordability goal and advising on distributing resources for social housing. These merged bodies should be supported by strong and independent Regional Planning Executives providing public advice to the merged bodies on housing numbers and allocation of housing within the region in order to achieve the region's market affordability target. Government has accepted the need for this merger and for the provision of an independent national advice unit to be set up by autumn 2006. |
| 590 ## - LOCAL NOTE (RLIN) | |
| Local note | IKA310106, KA |
| 650 ## - SUBJECT ADDED ENTRY--TOPICAL TERM | |
| Topical term or geographic name entry element | Affordable housing |
| 9 (RLIN) | 6215 |
| 690 ## - LOCAL SUBJECT ADDED ENTRY--TOPICAL TERM (OCLC, RLIN) | |
| Topical term or geographic name as entry element | ENVIRONMENTAL AND LAND CONSULTANCY-PLANNING AND DEVELOPMENT-STRATEGIC PLANNING |
| 856 40 - ELECTRONIC LOCATION AND ACCESS | |
| Uniform Resource Identifier | <a href="https://www.communities.gov.uk/index.asp?id=1163049">https://www.communities.gov.uk/index.asp?id=1163049</a> |
| Public note | View the consultation paper and government response free of charge at www.dclg.gov.uk... |
| 942 ## - ADDED ENTRY ELEMENTS (KOHA) | |
| Suppress in OPAC | 0 |
| Withdrawn status | Lost status | Source of classification or shelving scheme | Damaged status | Not for loan | Home library | Current library | Shelving location | Date acquired | Total Checkouts | Full call number | Barcode | Date last seen | Copy number | Price effective from | Koha item type |
|---|---|---|---|---|---|---|---|---|---|---|---|---|---|---|---|
| Dewey Decimal Classification | Virtual | Virtual | Online | 23/01/2006 | ONLINE PUBLICATION | 132273-2001 | 06/08/2019 | 1 | 06/08/2019 | Book |